000 00596nam a22002177a 4500
003 UA-OsUOA
001 135799
007 ta
008 20190218b un ||||| |||| 00| 0 ukr d
100 _aСкупейко Л.
090 _a82
_bС46
942 _cSA
040 _aUA-OsUOA
_bukr
_cUA-OsUOA
_dUA-OsUOA
245 _aІсторія літератури як покликання і наукова стратегія
300 _aС.48-45
955 _a0
041 _aukr
080 _a82
773 0 _w135798
650 7 _a82 Література. Літературознавство
_2UDC
999 _c409000
_d409000